| 000 | 01030nam a2200325Ia 4500 | ||
|---|---|---|---|
| 001 | 34779 | ||
| 003 | IT-RoPAU | ||
| 008 | 130308s9999 xx 000 0 und d | ||
| 040 | _aIT-RoPAU | ||
| 040 | _cIT-RoPAU | ||
| 041 | _aITALIANO | ||
| 100 | _aAA.VV. | ||
| 100 | _gCodice Aut. SPICS: 12000 | ||
| 245 | _aMusica (La)-Ascoltare per comprendere (con 7 cassette) | ||
| 245 | _bMusica (La)-Ascoltare per comprendere (Con 7 Cassette) | ||
| 250 | _a1a ed. | ||
| 260 | _aMILANO | ||
| 260 | _bFonit Cetra/Ricordi | ||
| 260 | _c1985 [1° Ed.:1985 - Ed.Ling.Originale:1985] | ||
| 300 | _a"90 p. (prefazione: no ; testo: 90)" | ||
| 500 | _aSerie di Dispense e Musicassette per L'Educazione Musicale Linguaggio della Musica in Europa Elementi Grammatica Modi D'Uso | ||
| 650 | _aEDUCAZIONE ALLA MUSICA | ||
| 650 | _eCodice materia Spics: 7012 | ||
| 700 | _aPorena BorisAllorto Riccardo | ||
| 700 | _gCodice Aut. SPICS: 2403Codice Aut. SPICS: 9977 | ||
| 942 | _cBK | ||
| 957 | _71 | ||
| 999 |
_c74630 _d74630 |
||
| 999 | _bSI | ||
| 999 | _g1 | ||